000 00612nam a22002177a 4500
005 20170124110055.0
010 _aA-368635
020 _c00.00
035 _aA-368635
037 _bCen Lib/Ret
040 _aDPL
_bEN
082 _a651.75
_bPIL
100 _aPllai, R.S.N.
_926171
245 _aCommercial correspondence office management /
_cby R.S.N. Pllai
260 _aKanyakumari
_c1987
270 _aKanyakumari
_bKanyakumari
300 _a372p.
_c20cm(Hb)
650 _aOffice management
_919428
650 _aCorrespondence - Management
_926172
942 _2ddc
_cEN
_h651.75
_mPIL
999 _c129371
_d129371